Normal view
MARC view
- Preface to Peace
Entry Topical Term
001 - CONTROL NUMBER
- control field: 109875
003 - CONTROL NUMBER IDENTIFIER
- control field: NUST
005 - DATE AND TIME OF LATEST TRANSACTION
- control field: 20230306125658.0
008 - FIXED-LENGTH DATA ELEMENTS
- fixed length control field: 230306|| aca||aabn | a|a d
040 ## - CATALOGING SOURCE
- Original cataloging agency: NUST
- Transcribing agency: NUST
150 ## - HEADING--TOPICAL TERM
- Topical term or geographic name entry element: Preface to Peace
670 ## - SOURCE DATA FOUND
- Source citation: Work cat.: (NUST)184797: Angell, Norman 49180, Preface to Peace /, 1935
